000 00544nam a2200157 a 4500
008 120416s1974 ||||||||||||||||| || u
050 _aQH 450 Gur
100 _aGurdon, J. B
245 1 4 _aThe control of gene expression in animal development
260 _aOxford
_bClarendon
_c1974
300 _alx, 160p. : ill
350 _a0.00
650 _aANIMALS
650 _aANIMALS--GENETICS
995 _D0.00
_FCBU-MAIN LIBRARY (Kitwe)
_H1
_I7.95
_M1
_UAVAILABLE
_ZAnnex Low-Usage Collection
999 _c38718
_d38718